| 000 | 00367nam a22001217a 4500 | ||
|---|---|---|---|
| 999 |
_c918 _d918 |
||
| 005 | 20200819162845.0 | ||
| 008 | 200819b ||||| |||| 00| 0 eng d | ||
| 020 | _a185539099X | ||
| 040 | _cCML | ||
| 245 |
_aWise Up Learning to Live the Learning Life. _cClaxton, G. |
||
| 260 |
_aUK _bNetwork Educational _c1999 |
||
| 942 |
_2ddc _cBK _e1st Edition _h374 _mCLA |
||